| 000 | 01245nam a2200325 aa4500 | ||
|---|---|---|---|
| 001 | 20104 | ||
| 003 | CZ PrNK | ||
| 005 | 20260116131859.0 | ||
| 007 | tu | ||
| 008 | 990908m19631965xo e p 001 0 slo | ||
| 040 |
_aABA001 _bcze |
||
| 043 | _ae-xo--- | ||
| 072 | 7 |
_a821.162.4.09 _xSlovenská literatura (o ní) _2Konspekt |
|
| 080 |
_a821.162.4(091) _2MRF |
||
| 080 |
_a(075.8) _2MRF |
||
| 245 | 0 | 0 |
_aDejiny slovenskej literatúry / _c[vedúcí autorského kolektivu: Ján Gregorec] |
| 260 |
_aBratislava : _bSlovenské pedagogické nakladateľstvo, _c1963-1965 |
||
| 300 |
_a2 sv. ; _c25 cm |
||
| 490 | 1 | _aDočasná vysokoškolská učebnica pre pedagogické inštitúty | |
| 500 | _aNad názvem: Ústav pre diaľkové štúdium učiteľov pri UK v Bratislave | ||
| 504 | _aObsahuje bibliografii a rejstřík | ||
| 505 | 0 | _aI. 1963. 444 s. -- II. 1965. 514 s. | |
| 650 | 0 | 7 |
_adějiny slovenské literatury _2czenas |
| 655 | 7 |
_aučebnice vysokých škol _2czenas |
|
| 700 | 1 |
_aGregorec, Ján, _d1914-1982 _4aut |
|
| 710 | 2 |
_aUniverzita Komenského v Bratislave. _bÚstav pre diaľkové štúdium učiteľov |
|
| 830 | 0 | _aDočasná vysokoškolská učebnica pre pedagogické inštitúty | |
| 910 | _aABA001 | ||
| 942 |
_2ddc _cOLDO _n0 |
||
| 999 |
_c20104 _d20104 |
||